| 000 | 00347nam a2200145Ia 4500 | ||
|---|---|---|---|
| 008 | 191201s2008 xx 000 0 und d | ||
| 082 |
_a658.1554 _bCHI |
||
| 100 | _aCHANDRA, Prasanna | ||
| 245 | 0 | _aInvestment Analysis Portfolio Management | |
| 250 | _aRep. | ||
| 260 |
_aN.Delhi _bTMH _c2008 |
||
| 300 | _a734 | ||
| 650 | _aMBA | ||
| 942 |
_2ddc _cBK |
||
| 999 |
_c3589 _d3589 |
||